Buffy Characters Season 1 Quiz Stats

 Plays Quiz not verified by Sporcle

Challenge
Share
Tweet
Score 0/10 Timer 03:00
0 Plays Today
% Correct
Buffy Summers
99.4%
Willow Rosenberg
99.4%
Xander Harris
99.1%
Cordelia Chase
99.1%
Rupert Giles
99.1%
Sarah Michelle Gellar
88.3%
Alyson Hannigan
85.8%
Anthony Stewart Head
85.5%
Charisma Carpenter
84.3%
Nicholas Brendan
81.8%

You're not logged in!

Compare scores with friends on all Sporcle quizzes.
OR
Log In

You Might Also Like...

Show Comments

Extras

Top Quizzes Today


Score Distribution

Your Account Isn't Verified!

In order to create a playlist on Sporcle, you need to verify the email address you used during registration. Go to your Sporcle Settings to finish the process.

Report this User

Report this user for behavior that violates our Community Guidelines.

Details: